Cuatro visiones de la Historia Universal /
Guardado en:
| Autor Principal: | |
|---|---|
| Formato: | Desconocido |
| Idioma: | Spanish |
| Publicado: |
Buenos Aires :
Losada,
1945
|
| Series: | Biblioteca Filosófica
|
| Materias: | |
| Etiquetas: |
Agregar Etiqueta
Sin Etiquetas, Sea el primero en etiquetar este registro!
|
| LEADER | 00513nac a22001815a 4500 | ||
|---|---|---|---|
| 001 | DER.der009600 | ||
| 005 | 20180510000000.0 | ||
| 008 | 180615s1945####||||||||||||||||||||spa|| | ||
| 100 | 1 | |a Ferrater Mora, José | |
| 245 | 1 | 0 | |a Cuatro visiones de la Historia Universal / |c José Ferrater Mora |
| 260 | |a Buenos Aires : |b Losada, |c 1945 | ||
| 300 | 0 | |a 169 p. | |
| 440 | 0 | |a Biblioteca Filosófica | |
| 600 | 0 | 4 | |a SAN AGUSTIN |
| 600 | 0 | 4 | |a VICO |
| 600 | 0 | 4 | |a VOLTAIRE |
| 600 | 0 | 4 | |a HEGEL |
| 859 | |a DERECHO |b BIB. DERECHO |h 340.1 |i FER |p 006260 | ||
